00365nam a22001217a 4500020001800000041001200018082001400030100003100044245008600075260005400161300000800215650002000223 a81-7435-366-6 aEnglish a297.2 GHI aGhifari ,Dr. Noor Mohammad aThe Memoir of the Listener and the Speaker in the Training of Teacher and Student aNew DelhibAdam Publishers and Distributorsc2007 a111 aIslam teachings